01001nam a2200277 i 4500003000900000005001700009007000300026008004100029040003000070082001400100100005500114245007200169250001800241264005500259300004100314336002700355337003300382338002800415500006400443504003000507590002700537910001400564942001400578952011400592999001700706DO-SdBNP20240710123701.0ta100305s1983 dr a 000 0 spa d aDO-SdBNPbspacBNPHUerda bM385n2221 aMartínez Almanzar, Juan Franciscod1950 -91045910aNociones de historia patria /cJuan Francisco Martínez Almánzar a3a. edición 1aSanto Domingo :b[editor no identificado], c1983. a244 páginasbilustracionesc21 cm. 2rdacontentatextobtxt 2rdamediaasin mediaciónbn 2rdacarrieravolumenbnc aIncluye datos biográficos del autor en la contraportada.  aBibliografía p: 239-240 aInventariado, 2023/ YL aYLockward 2ddccLBS1 00102ddc51708PDaBNPHUbBNPHUcCTd2023-09-15l0oBNPHU PD M385np2023-5928r2023-09-15w2023-09-15yLBS1 c54773d54773